| 000 | 00462nam a2200169Ia 4500 | ||
|---|---|---|---|
| 003 | GCL | ||
| 008 | 140319s9999 xx 000 0 ara d | ||
| 040 |
_aGCL / _cGCL |
||
| 082 | 0 | 4 |
_a157.92 _bص ع |
| 100 | 1 | _aصلاح مخيمر | |
| 245 | 1 | 0 |
_aعن الذاتية والموضوعية فى علم النفس / _cصلاح مخيمر |
| 300 | _a133 ص | ||
| 490 | _a | ||
| 650 | 0 | 4 | _aالصحة النفسية |
| 650 | 0 | 4 | _aعلم النفس |
| 942 |
_2ddc _cBK |
||
| 999 |
_c42923 _d42923 |
||